| 000 | 00461nmm a2200157Ia 4500 | ||
|---|---|---|---|
| 008 | 251105s9999||||xx |||||||||||||||||und|| | ||
| 020 | _a9788498387216 | ||
| 041 | _aspa | ||
| 100 | _aHegarty, Shane | ||
| 245 | 0 |
_aBocanegra : _b Las aventuras de Finn |
|
| 264 |
_a[Madrid, España] : _bEdiciones Salamandra, _c2016 |
||
| 300 | _a352 páginas | ||
| 650 | _aTeen & Young Adult Fiction | ||
| 856 | _uhttps://public.digitaliapublishing.com/a/48336 | ||
| 942 | _cCF | ||
| 999 |
_c91819 _d91819 |
||